01294nam a2200325Ia 4500001001200000003000800012006001900020007001500039008004100054010001700095020001800112020001500130040002100145035002100166050002400187082001700211100002400228245011700252260003700369300002400406504006400430533015200494650004700646650004000693650004100733655002900774700002200803710001700825856012600842ebr10436140CaPaEBRm u cr cn|||||||||100708s2010 vaua sb 001 0 eng d z 2010027600 z9781416610748 z141661074X aCaPaEBRcCaPaEBR a(OCoLC)69812365114aLB1031b.T67 2010eb04a371.39/42221 aTomlinson, Carol A.10aLeading and managing a differentiated classroomh[electronic resource] /cCarol Ann Tomlinson, Marcia B. Imbeau. aAlexandria, Va. :bASCD,cc2010. axix, 187 p. :bill. aIncludes bibliographical references (p. 176-179) and index. aElectronic reproduction.bPalo Alto, Calif. :cebrary,d2011.nAvailable via World Wide Web.nAccess may be limited to ebrary affiliated libraries. 0aIndividualized instructionzUnited States. 0aInclusive educationzUnited States. 0aClassroom managementzUnited States. 7aElectronic books.2local1 aImbeau, Marcia B.2 aebrary, Inc.40uhttp://site.ebrary.com/lib/rucke/Doc?id=10436140zAn electronic book accessible through the World Wide Web; click to view